| 000 | 01386nam a2200253 a 4500 | ||
|---|---|---|---|
| 001 | 000379749 | ||
| 003 | AM-YeHGA | ||
| 005 | 20250617161048.0 | ||
| 008 | 041109s1964 ||||||||||||||||||||rus d | ||
| 040 | _aAM-YeHGA | ||
| 041 | 0 | _arus | |
| 245 | 0 | 0 |
_aАнтракс : _b(вопросы иммунологии, клиники и лабораторной диагностики) / _cМолдавский НИИ эпидемиологии, микробиологии и гигиены, Научно-метод. центр по антраксу МЗ СССР; Под ред. Э.Н. Шляхова . |
| 260 |
_aКишинев : _bКартя Молдовеняскэ, _c1964. |
||
| 300 | _a164 с. | ||
| 650 | 1 | 4 | _aСибирская язва |
| 650 | 1 | 4 | _aСибирская язва, возбудитель |
| 650 | 1 | 4 | _aБолезни симптомы или признаки (ВНЕШ) |
| 650 | 1 | 4 | _aИммунизация |
| 650 | 1 | 4 | _aДиагностика лабораторная |
| 700 | 1 |
_aШляхов, Э.Н. _eред. _4edt |
|
| 710 | 2 | _aМолдавский научно-исследовательский институт эпидемиологии, микробиологии и гигиены | |
| 710 | 2 | _aНаучно-методический центр по антраксу министерства здравоохранения СССР | |
| 090 | _c468068 | ||
| 999 |
_c464871 _d464871 |
||